000
00314nam a22001337a 4500
020
_q
HB.
040
_c
FIZZA ISHAQ
082
_a
003.1
_b
MAR
100
_a
SIBLEY,MARTIN.
_9
90854
245
_a
MODREN TELE COMMUNICATION /
_c
MARTIN SIBLEY.
260
_a
CRC PRESS ;
_c
2018.
300
_a
190 P. ;
942
_2
ddc
_c
BK
999
_c
589064
_d
589064